Zlepšovanie procesov v nabytkarskej firme bakalárska práca

Gespeichert in:
Bibliographische Detailangaben
1. Verfasser: Bayerová, Klára
Körperschaft: Podnikovohospodárska fakulta EU so sídlom v Košiciach. Katedra hospodárskej informatiky a matematiky
Weitere Verfasser: Hajduová, Zuzana, 1974-
Format: Buch
Sprache:Slowakisch
Veröffentlicht: Košice 2013
Tags: Tag hinzufügen
Keine Tags, Fügen Sie das erste Tag hinzu!

MARC

LEADER 00000nbm a2200000 4500
001 0176088
005 20170315090440.6
041 0 |a slo 
044 |a SK 
245 1 0 |a Zlepšovanie procesov v nabytkarskej firme  |b bakalárska práca  |c Klára Bayerová ; školiteľ: Zuzana Hajduová 
264 1 |a Košice  |c 2013 
300 |a 49 s. 
100 1 |a Bayerová, Klára 
700 1 |a Hajduová, Zuzana, 1974- 
710 2 |a Podnikovohospodárska fakulta EU so sídlom v Košiciach. Katedra hospodárskej informatiky a matematiky